000 00292nam a22001337a 4500
008 171027b xxu||||| |||| 00| 0 eng d
020 _a9780965855617
041 _aeng
080 _a336
100 _a56
101 _aFIN
245 _aMERGE & ACQUISITION
_cGASIOREK, A.D
942 _2udc
_cBK
999 _c36250
_d36250